| 000 | 00485nam a22001937a 4500 | ||
|---|---|---|---|
| 003 | MPLRDC | ||
| 005 | 20220104192521.0 | ||
| 008 | 210129b ||||| |||| 00| 0 eng d | ||
| 020 | _a978-986-6452-79-6 | ||
| 082 | _a426.77 HH | ||
| 100 | _a花花 | ||
| 245 |
_a袜子娃娃生活杂铺 _c |
||
| 250 | _a初版一刷 | ||
| 260 |
_a台湾 _b和平国际文化有限公司 _c2010 |
||
| 300 | _b平 | ||
| 490 | _aHANDMADE: 03 | ||
| 650 | _a衣料手艺品 | ||
| 942 |
_cBK _o426.77 HH |
||
| 999 |
_c64751 _d64741 |
||